banner koha

Caupi (Vigna unguiculata (L.)Walp): adaptacao de cultivares as condicoes amazonicas [Braganca, Para, Brasil] (Registro n. 273055)

MARC details
000 -LÍDER
campo de controle de tamanho fixo 01062nac a22003137a 4500
001 - NÚMERO DE CONTROLE
campo de controle BR8106678
003 - IDENTIFICADOR DO NÚMERO DE CONTROLE
campo de controle BR-BrBNA
005 - DATA E HORÁRIO DA ÚLTIMA TRANSAÇÃO
campo de controle 20240105115114.0
008 - CAMPO DE DADOS FIXOS--INFORMAÇÃO GERAL
campo de controle de tamanho fixo 230509b bl.|||m| |||| 00| 0 por d
040 ## - FONTE DA CATALOGAÇÃO
Instituição da catalogação original BR-BrBNA
Idioma da catalogação por
Instituição que transcreveu o registro Biblioteca Nacional de Agricultura
072 ## - CÓDIGO DE CATEGORIA DE ASSUNTO
Código de Categoria de Assunto F30
090 ## - NÚMERO DE CHAMADA LOCAL
Número de chamada 1440 BR8106678
100 1# - ENTRADA PRINCIPAL--NOME PESSOAL
Nome pessoal Costa, M.F. da
100 1# - ENTRADA PRINCIPAL--NOME PESSOAL
Nome pessoal Cravo, M. da S.
100 1# - ENTRADA PRINCIPAL--NOME PESSOAL
Nome pessoal Vieira, L.S.
100 1# - ENTRADA PRINCIPAL--NOME PESSOAL
Nome pessoal Lopes, D.N.
110 1# - ENTRADA PRINCIPAL--NOME CORPORATIVO
Nome corporativo ou nome da jurisdição Instituto do Desenvolvimento Economico-Social do Para, Belem (Brasil)
245 1# - TÍTULO
Título Caupi (Vigna unguiculata (L.)Walp): adaptacao de cultivares as condicoes amazonicas [Braganca, Para, Brasil]
260 3# - PUBLICAÇÃO, DISTRIBUIÇÃO, ETC.
Local de publicação, distribuição, etc. Belem, PA (Brasil):
Data da publicação, distribuição, etc. 1981.
300 ## - DESCRIÇÃO FÍSICA
Extensão 17 p.
490 ## - TÍTULO DA SÉRIE
Título da série Estudos Paraenses - Instituto do Desenvolvimento Economico-Social do Para (Brazil)
Número do volume ou designação sequencial da série no. 49
ISSN - International Standard Serial Number
500 ## - NOTA GERAL
Nota geral 11 ref.; Summaries (En, Pt)
650 ## - ASSUNTO--TERMO TÓPICO
Cabeçalho tópico ou nome geográfico FEIJAO DE CORDA
650 ## - ASSUNTO--TERMO TÓPICO
Cabeçalho tópico ou nome geográfico INTRODUCAO DE PLANTA
650 ## - ASSUNTO--TERMO TÓPICO
Cabeçalho tópico ou nome geográfico COMPORTAMENTO DE VARIEDADE
650 ## - ASSUNTO--TERMO TÓPICO
Cabeçalho tópico ou nome geográfico PARA
909 ## -
-- 202312
-- Lúcia Elande
-- 55
-- Lúcia Elande
942 ## - ELEMENTOS DE ENTRADA ADICIONADOS (KOHA)
Fonte da classificação ou esquema de arquivamento na estante Classificação AGRIS
Ocultar no OPAC Não
Tipo de material Koha Monografia Seriada
Exemplares
Situação do descarte Fonte da classificação ou esquema de arquivamento na estante Situação física Não pode ser emprestado Coleção Biblioteca de origem Biblioteca atual Localização na estante Total de empréstimos Número de telefone completo Código de barras Data de último acesso Tipo de material Koha Fonte de aquisição
  Classificação AGRIS       Biblioteca Nacional de Agricultura - Binagri Biblioteca Nacional de Agricultura - Binagri Agrobase - Acervo Geral   1440 BR8106678 1440 BR8106678 18/12/2023 Monografia Seriada Portaria Interministerial nº 164/94

BINAGRI

Telefone: (61)3218-2567/2388/3357/2097 - binagri@agro.gov.br

Ministério da Agricultura e Pecuária , Esplanada dos Ministérios, Bloco D, Anexo B, Brasília/DF, CEP: 70.043-900